Residuals and influence in regression /
Guardado en:
| Autor Principal: | |
|---|---|
| Otros Autores: | |
| Formato: | Libro |
| Idioma: | English |
| Publicado: |
New York :
Chapman and Hall,
1982.
|
| Series: | Monographs on statistics and applied probability
|
| Etiquetas: |
Agregar Etiqueta
Sin Etiquetas, Sea el primero en etiquetar este registro!
|
| LEADER | 00730pam a2200217 a 4500 | ||
|---|---|---|---|
| 001 | MAT.inmabb002491 | ||
| 008 | 820412s1982####nyua#####b####001#0#eng## | ||
| 005 | 20130226153849.0 | ||
| 245 | 1 | 0 | |a Residuals and influence in regression / |c R. Dennis Cook and Sanford Weisberg. |
| 260 | |a New York : |b Chapman and Hall, |c 1982. | ||
| 300 | |a x, 230 p. : |b il. ; |c 22 cm. | ||
| 440 | 0 | |a Monographs on statistics and applied probability | |
| 504 | |a Bibliografía: p. [214]-223. | ||
| 510 | 4 | |a MR, |c 85g:62001 | |
| 020 | |a 041224280X |z 0412242800 | ||
| 100 | 1 | |a Cook, R. Dennis. | |
| 700 | 1 | |a Weisberg, Sanford, |d 1947- | |
| 084 | |a 62J05 (62J20) |2 msc2000 | ||
| 010 | |a 82004412 | ||
| 040 | |a DLC |c DLC |d DLC | ||
| 859 | |h 62 |i C771 |p A-8150 |b BIB. MATEMATICA | ||
